Samuel Cambel, Ku vzniku sovietskej federácie

Podrobná bibliografia
Hlavní autori: Veliký, Marián, 1940- (Autor), Cambel, Samuel, 1928-2004 (Autor)
Médium: Článok
Jazyk:slovenčina
Predmet:

MARC

LEADER 00000nab a2200000 a 4500
001 vtls000314935
003 SK-MaSNL
005 20260302215355.0
008 220422c1978 xo 0 slo
015 |a SNBRB19rr/mm-uuuuu 
035 |a CL0005027 
040 |a SNKBUCL  |b slo  |c SNKBUCL  |e AACR2 
041 0 |a slo 
044 |a xo  |c SK 
080 |a 323(47+57)  |2 1981 
080 |a 947  |2 1981 
100 1 |a Veliký, Marián,  |d 1940-  |4 aut  |9 21095 
245 1 0 |a Samuel Cambel, Ku vzniku sovietskej federácie  |c Marián Veliký ; Cambel Samuel 
651 7 |a Sovietsky zväz  |2 snkbucl  |9 22126 
655 7 |a články z novín a časopisov  |2 snkbucl  |9 267496 
700 1 |a Cambel, Samuel,  |d 1928-2004  |4 aut  |9 109226 
773 0 |t Právny obzor  |g Roč. 61, č. 2 (1978), s. 152-158 
787 0 8 |i Rec.:  |a Cambel, Samuel  |t Ku vzniku sovietskej federácie  |d Bratislava 1973. 
850 |a Slovenská národná knižnica v Martine  |a MTA001 
852 |a SNK  |b KIS3GCP 
958 |a RK 
958 |a ME 
992 |a RBX 
999 |c 1502010  |d 1503940